[Event "IECG CP.2006.P.00015 email"]
[Site "IECG email"]
[Date "2006.10.01"]
[Round "?"]
[White "Moeckel, Jean L"]
[Black "Zabala, Miguel"]
[Result "1-0"]
[WhiteElo "1412"]
[BlackElo "800"]
[PlyCount "31"]
[EventDate "2006.10.01"]
[EventType "tourn (corr)"]
[EventRounds "6"]
[SourceTitle "Corr 2011"]
[Source "ChessBase"]
[SourceDate "2010.08.31"]
[SourceVersion "1"]
[SourceVersionDate "2010.08.31"]
[SourceQuality "1"]

1. Nf3 d5 2. d4 Nf6 3. c4 e6 4. Nc3 Be7 5. Bg5 0-0 6. e3 Nbd7 7. Bd3 dxc4 8. Bxc4 c5 9. 0-0 a6 10. dxc5 Nxc5 11. Be2 b5 12. b4 Ncd7 13. Qb3 h6 14. Bf4 g5 15. Bg3 Nh5 16. a4 1-0

[Event "IECG TE.2006.P.02136 email"]
[Site "IECG email"]
[Date "2006.03.17"]
[Round "?"]
[White "Martins, Karin"]
[Black "Zabala, Miguel"]
[Result "1/2-1/2"]
[WhiteElo "1463"]
[BlackElo "800"]
[PlyCount "39"]
[EventDate "2006.03.17"]
[EventType "tourn (corr)"]
[EventRounds "12"]
[SourceTitle "Corr 2024"]
[Source "ChessBase"]
[SourceDate "2023.10.19"]
[SourceVersion "1"]
[SourceVersionDate "2023.10.19"]
[SourceQuality "1"]

1. e4 c5 2. f4 Nc6 3. Nc3 e6 4. Nf3 d5 5. Bb5 Nf6 6. d3 Be7 7. 0-0 0-0 8. Bxc6 bxc6 9. Qe1 Bb7 10. a4 Qc7 11. Qg3 Rfd8 12. e5 Ne8 13. Qh3 Qd7 14. Qh5 c4 15. dxc4 Ba6 16. Nd2 Qc7 17. Rf3 Bc5+ 18. Kh1 g6 19. Qh6 Bf8 20. Qh3 1/2-1/2

[Event "IECG TE.2006.P.02136 email"]
[Site "IECG email"]
[Date "2006.03.17"]
[Round "2"]
[White "Zabala, Miguel"]
[Black "Heiser, Jerome"]
[Result "0-1"]
[WhiteElo "800"]
[BlackElo "1120"]
[PlyCount "30"]
[EventDate "2006.03.17"]
[EventType "tourn (corr)"]
[EventRounds "12"]
[SourceTitle "Corr 2024"]
[Source "ChessBase"]
[SourceDate "2023.10.19"]
[SourceVersion "1"]
[SourceVersionDate "2023.10.19"]
[SourceQuality "1"]

1. e4 c5 2. f4 e5 3. Nf3 exf4 4. Bc4 Nc6 5. 0-0 g6 6. d4 cxd4 7. Bxf4 Qf6 8. Bg5 Qd6 9. Nxd4 f6 10. Be3 Bh6 11. Bxh6 Nxh6 12. Nb5 Qc5+ 13. Kh1 Ne5 14. Qd5 Qxd5 15. Nd4 Qxd4 0-1

[Event "IECG TE.2005.P.01833 email"]
[Site "IECG email"]
[Date "2005.03.24"]
[Round "?"]
[White "Zabala, Miguel"]
[Black "Felicio, Clairton"]
[Result "1/2-1/2"]
[WhiteElo "800"]
[BlackElo "2367"]
[PlyCount "32"]
[EventDate "2005.03.24"]
[EventType "tourn (corr)"]
[EventRounds "8"]
[SourceTitle "Corr 2008"]
[Source "ChessBase"]
[SourceDate "2008.06.24"]
[SourceVersion "1"]
[SourceVersionDate "2008.06.24"]
[SourceQuality "1"]

1. d4 Nf6 2. c4 c5 3. d5 b5 4. Nf3 Bb7 5. a4 Qa5+ 6. Bd2 b4 7. Qc2 g6 8. e4 d6 9. Bd3 Bg7 10. 0-0 Nbd7 11. Re1 0-0 12. e5 Nxe5 13. Nxe5 dxe5 14. Rxe5 Qc7 15. Rg5 Rfe8 16. a5 e6 1/2-1/2